000 00332nam a2200157Ia 4500
100 _aAnanthasuresh/G.K
650 _aMicro system
942 _cBK
366 _f20
654 _amciro
245 _aMicro and smart systems
260 _bWiley India
_c2010
082 _a621.381
_bANA
300 _a390
546 _aENGLISH
_cTTL
999 _c23561
_d23561